Public administration in India (Record no. 3385)

MARC details
000 -LEADER
fixed length control field 00663 a2200193 4500
010 ## - LCCN (DPL NO)
LC control number ENG-85735
020 ## - INTERNATIONAL STANDARD BOOK NUMBER
International Standard Book Number 8189253271
Terms of availability 350.00
035 ## - SYSTEM CONTROL NUMBER
System control number EN-69268
037 ## - SOURCE OF ACQUISITION
Source of stock number/acquisition D.B.Act / Pub
082 14 - DEWEY DECIMAL CLASSIFICATION NUMBER
Classification number 350.000954
100 1# - MAIN ENTRY--PERSONAL NAME
Personal name Arora, Ramesh K.
245 1# - TITLE STATEMENT
Title Public administration in India
Remainder of title tradition, trends and transformation
Statement of responsibility, etc by Ramesh K. Arora
260 ## - PUBLICATION, DISTRIBUTION, ETC. (IMPRINT)
Place of publication, distribution, etc New Delhi
Name of publisher, distributor, etc Paragon International Publishers
Date of publication, distribution, etc 2006
270 ## - ADDRESS
Address 5, Ansari Road, Darya Ganj
City New Delhi
State or province Delhi
Postal code 110002
Telephone number 23274151
Electronic mail address gph2004@yahoo.co.in
300 ## - PHYSICAL DESCRIPTION
Extent x, 247 p.
Dimensions 24 cm. (Hb)
500 ## - GENERAL NOTE
General note Includes index
650 ## - SUBJECT ADDED ENTRY--TOPICAL TERM
Topical term or geographic name as entry element Public administration
Geographic subdivision India
942 ## - ADDED ENTRY ELEMENTS (KOHA)
Institution code [OBSOLETE] dpl
Item type English Books
Call number prefix 350.000954 / ARO
Source of classification or shelving scheme Dewey Decimal Classification
Holdings
Withdrawn status Lost status Not for loan Collection code Home library Current library Source of acquisition Cost, normal purchase price Full call number Barcode Copy number Cost, replacement price Koha item type
    Not For Loan Non-fiction D.B.Act.Division D.B.Act.Division DBAD/PUB 350.00 350.000954 ARO EN-69268 1 350.00 English Books

© Delhi Public Library
Hit Counter
free hit counter